Normal view
MARC view
- América Latina
Entry Nombre Geográfico
001 - NÚMERO DE CONTROL
- campo de control: 2868
003 - IDENTIFICADOR DE NUMERO DE CONTROL
- campo de control: UPN
005 - FECHA Y HORA DE LA ÜLTIMA TRANSACCIÓN
- campo de control: 20240425163114.0
008 - DATOS DE LONGITUD FIJA
- campo de control de longitud fija: 240425nn|acnnnbabn n ana |d
035 ## - NÚMERO DE CONTROL
- Número de control: UPN10000002868
040 ## - FUENTE DE CATALOGACIÓN
- Lenguaje de catalogación: spa
- Agencia de transcripción: MX-MxUPN
- Agencia de catalogación original: MX-MxUPN
151 ## - ENCABEZAMIENTO - NOMBRE GEOGRÁFICO
- Nombre geográfico: América Latina
- Subdivisión general : Historia
- Subdivisión general : Estudio y enseñanza (Superior)
670 ## - FUENTE EN LA QUE SE LOCALIZARON DATOS
- Cita de la fuente: Autoridades BGTQ, 25 abril 2024 :
- Información localizada: (América Latina-Historia-Estudio y enseñanza (Superior))
670 ## - FUENTE EN LA QUE SE LOCALIZARON DATOS
- Cita de la fuente: LC/P
- Información localizada: Latin America - History - Study and teaching
902 ## - CATALOGADOR
- Catalogador: MEEG/061196
